000
00289nam a2200145Ia 4500
100
_a
McGowan/Peter
942
_c
BK
366
_f
20
654
_a
cloudforms
245
_a
Mastering cloudforms automation
260
_b
SPD
_c
2016
082
_b
MCG
300
_a
399
546
_a
ENGLISH
999
_c
24012
_d
24012